[Event "Marienbad Open 2024 - B2 IM Round Robin"]
[Site "Continental hotel, Marianske Lazne"]
[Date "2024.01.16"]
[Round "5"]
[Board "2"]
[White "Plischki, Sebastian"]
[Black "Kejna, Piotr"]
[Result "1/2-1/2"]
[WhiteElo "2345"]
[BlackElo "2269"]
[PlyCount "0"]
[EventDate "2024.01.13"]
[EventRounds "9"]
[EventCountry "CZE"]

1. Nf3 Nf6 2. c4 e6 3. g3 b6 4. Bg2 Bb7 5. O-O c5 6. Nc3 Be7 7. d4 cxd4 8. Qxd4 O-O
9. Rd1 Nc6 10. Qf4 d6 11. b3 Qb8 12. Bb2 Rd8 13. h3 Rd7 14. e4 Ne5 15. Qe3 Nxf3+
16. Bxf3 Qc7 17. Bg2 Rad8 18. Rac1 Qb8 19. Qe2 Qa8  1/2-1/2

[Event "Marienbad Open 2024 - B2 IM Round Robin"]
[Site "Continental hotel, Marianske Lazne"]
[Date "2024.01.16"]
[Round "5"]
[Board "3"]
[White "Luberanski, Jakub"]
[Black "Lima, Darcy"]
[Result "0-1"]
[WhiteElo "2278"]
[BlackElo "2370"]
[PlyCount "0"]
[EventDate "2024.01.13"]
[EventRounds "9"]
[EventCountry "CZE"]

1. e4 e5 2. Nf3 Nc6 3. Bb5 Nf6 4. O-O Bc5 5. d3 Nd4 6. Nxd4 Bxd4 7. c3 Bb6 8. Bg5
h6 9. Bh4 c6 10. Ba4 g5 11. Bg3 d6 12. Kh1 h5 13. f3 h4 14. Bf2 Nh5 15. Kg1 Ng3 16.
hxg3 hxg3 17. Bxb6 Qf6 18. Re1 axb6 19. Kf1 Rh2 20. d4 Bh3 21. Ke2 Bxg2 22. Kd3 Bxf3
23. Qb3 Be2+ 24. Rxe2 Qf3+  0-1

[Event "Marienbad Open 2024 - B2 IM Round Robin"]
[Site "Continental hotel, Marianske Lazne"]
[Date "2024.01.17"]
[Round "6"]
[Board "3"]
[White "Lima, Darcy"]
[Black "Pavlis, Matej"]
[Result "1-0"]
[WhiteElo "2370"]
[BlackElo "2088"]
[PlyCount "0"]
[EventDate "2024.01.13"]
[EventRounds "9"]
[EventCountry "CZE"]

1. c4 e6 2. g3 c5 3. Bg2 Nc6 4. Nf3 d5 5. O-O Nf6 6. cxd5 exd5 7. d4 Be7 8. Nc3 O-O
9. b3 Re8 10. Bb2 Be6 11. Rc1 Rc8 12. dxc5 Bxc5 13. Na4 Bf8 14. Nc5 Bg4 15. Nd3 Bd6
16. Rc2 Qe7 17. Qc1 h6 18. Rd1 Ne4 19. Nf4 Bxf4 20. Qxf4 Be6 21. Rdc1 Bd7 22. Ne1
g5 23. Qe3 Qd6 24. Qd3 Bf5 25. f3 Nxg3 26. e4 Nxe4 27. fxe4 Bxe4 28. Bxe4 Rxe4 29.
Nf3 Rce8 30. Rg2 Nb4 31. Qd2 f6 32. Rf1 d4 33. Nxd4 Qb6 34. Qf2 Nd3 35. Qf5 Kg7 36.
Ba1 R8e5 37. Qd7+ Re7 38. Qb5 Qxb5 39. Nxb5 Nf4 40. Nd6 Re1 41. Nf5+ Kh7 42. Rd2
Nh3+ 43. Kg2 Nf4+ 44. Rxf4  1-0

[Event "Marienbad Open 2024 - B2 IM Round Robin"]
[Site "Continental hotel, Marianske Lazne"]
[Date "2024.01.17"]
[Round "6"]
[Board "5"]
[White "Lim, Zhuo Ren"]
[Black "Plischki, Sebastian"]
[Result "1/2-1/2"]
[WhiteElo "2218"]
[BlackElo "2345"]
[PlyCount "0"]
[EventDate "2024.01.13"]
[EventRounds "9"]
[EventCountry "CZE"]

1. c4 c5 2. Nf3 g6 3. g3 Bg7 4. Bg2 Nc6 5. Nc3 d6 6. O-O Rb8 7. e3 Nf6 8. d4 O-O
9. Re1 a6 10. b3 b5 11. cxb5 axb5 12. Bb2 cxd4 13. Nxd4 Nxd4 14. Qxd4 Be6 15. Qd2
Qa5 16. Red1 Rfc8 17. Ne2 Qxd2 18. Rxd2 b4 19. Rc1 Rxc1+ 20. Nxc1 Bf5 21. f3 Rc8
22. Ne2 Bb1 23. Bf1 h5 24. h4 Kf8 25. Kf2 Rc2 26. Rxc2 Bxc2 27. Nd4 Bb1 28. a4 bxa3
29. Bxa3 Nd5 30. Bc4 Nb6 31. Be2 Be5 32. Nc6 Bf6 33. b4 Ba2 34. b5 Ke8 35. Bb4 Kd7
36. Na5 Kc7 37. Bd2 d5 38. e4 Nc4 39. Nxc4 dxc4 40. Ba5+ Kb7 41. Ke3 Bb3 42. e5 Bxe5
43. f4 Bb2 44. Bf3+ Kb8 45. Kd2 Bd4 46. Bc3 Bf2 47. Ke2 Bc5 48. Bd5 e6 49. Bc6 Bc2
50. Be8 Bd3+ 51. Kf3 Kc7 52. Bxf7 Kd7 53. g4 Ke7 54. Bg8 Bc2 55. Kg3 Ba4 56. gxh5
gxh5 57. f5 Bd6+ 58. Kf2 Bc5+ 59. Kg3 Bd6+ 60. Kf2 Bc5+  1/2-1/2

[Event "Marienbad Open 2024 - B2 IM Round Robin"]
[Site "Continental hotel, Marianske Lazne"]
[Date "2024.01.18"]
[Round "7"]
[Board "1"]
[White "Plischki, Sebastian"]
[Black "Wang, Yukun"]
[Result "1-0"]
[WhiteElo "2345"]
[BlackElo "2117"]
[PlyCount "0"]
[EventDate "2024.01.13"]
[EventRounds "9"]
[EventCountry "CZE"]

1. Nf3 Nf6 2. g3 d5 3. Bg2 Bf5 4. O-O c6 5. d3 e6 6. Nh4 Bg6 7. e4 dxe4 8. Nxg6 hxg6
9. d4 c5 10. dxc5 Qxd1 11. Rxd1 Bxc5 12. Nc3 Nbd7 13. Nxe4 Nxe4 14. Bxe4 O-O-O 15.
Kg2 Nf6 16. Rxd8+ Rxd8 17. Bf3 b6 18. Bg5 Kc7 19. h4 Rd4 20. Re1 Rd7 21. c3 Nh7 22.
Bf4+ Bd6 23. Bc1 Nf6 24. Kf1 Bc5 25. Ke2 Nd5 26. Rd1 Nf6 27. Rxd7+ Nxd7 28. b4 Bd6
29. Kd1 Ne5 30. Be2 Nc6 31. Kc2 Be5 32. Be3 Ne7 33. Bd3 Nd5 34. Bd2 Nf6 35. Be1 Bd6
36. Bb5 Nd7 37. Bxd7 Kxd7 38. b5 e5 39. f3 f5 40. Kd3 Bc5 41. a4 Ke6 42. c4 Kd6 43.
g4 Ke6 44. a5 Kd6 45. a6 Ke6 46. Bc3 Kd6 47. gxf5 gxf5 48. h5 Bg1 49. f4 e4+ 50.
Kc2 Bh2 51. Bxg7  1-0

[Event "Marienbad Open 2024 - B2 IM Round Robin"]
[Site "Continental hotel, Marianske Lazne"]
[Date "2024.01.18"]
[Round "7"]
[Board "4"]
[White "Balinski, Damian"]
[Black "Lima, Darcy"]
[Result "0-1"]
[WhiteElo "2226"]
[BlackElo "2370"]
[PlyCount "0"]
[EventDate "2024.01.13"]
[EventRounds "9"]
[EventCountry "CZE"]

1. d4 Nf6 2. c4 g6 3. g3 c5 4. dxc5 Bg7 5. Nc3 Na6 6. Rb1 Nxc5 7. Bg2 d6 8. b4 Ne6
9. Nf3 O-O 10. O-O Bd7 11. Qb3 Bc6 12. Rd1 a5 13. a3 axb4 14. Qxb4 Ne4 15. Nd5 Ra4
16. Qb6 Nc3 17. Qxd8 Rxd8 18. Nxc3 Bxc3 19. Nd2 Bxd2 20. Rxd2 Rxc4 21. Bd5 Rc5 22.
Bxe6 fxe6 23. Bb2 e5 24. Rc1 Rb5 25. f3 Ra8 26. Rc4 Rb3 27. Kf2 Ra4 28. Rxa4 Bxa4
29. h4 Kf7 30. Bc1 Rb1 31. Bb2 Ke6 32. Bc3 Rb3 33. Bb4 Bc6 34. Rd3 Rb2 35. Rd2 Rb1
36. Rd3 Bb5 37. Rd2 Bc4 38. Rc2 b5 39. e4 Rb3 40. Rd2 d5 41. Rd1 h5 42. Kg2 d4 43.
Kf2 Rb2+ 44. Rd2 Rb1 45. Kg2 Bf1+ 46. Kh2 d3 47. Bc5 Kd7 48. Bb4 Be2 49. Kg2 Rf1
50. Rb2 Kc6 51. Rd2 e6 52. Rb2 Kd7 53. Rd2 Rc1 54. Kf2 Ke8 55. Kg2 Rc7 56. Bd6 Rc2
57. Bb4 Rc7 58. Bd6 Rf7 59. f4 exf4 60. gxf4 Kd7 61. Be5 Kc6 62. Kf2 Ra7 63. Bb2
Kc5 64. Ke3 Kc4 65. Bc1 b4 66. axb4 Ra1 67. Bb2 Rf1 68. e5 Kd5 69. Rxd3+ Bxd3  0-1